|
|
|
|
| LEADER |
02599nam a2200613 aa4500 |
| 001 |
nkc20112226087 |
| 003 |
CZ PrNK |
| 005 |
20220429131116.0 |
| 007 |
ta |
| 008 |
110920m20092011xr ab e p 000 0 cze |
| 015 |
|
|
|a cnb002226087
|z cnb002024440
|
| 020 |
|
|
|a 978-80-248-2132-0
|q (sv. 1 ;
|q brož.)
|
| 020 |
|
|
|a 978-80-248-2431-4
|q (sv. 2 ;
|q brož.)
|
| 035 |
|
|
|a (OCoLC)761169896
|
| 040 |
|
|
|a ABA001
|b cze
|
| 072 |
|
7 |
|a 502
|x Životní prostředí a jeho ochrana
|2 Konspekt
|9 2
|
| 072 |
|
7 |
|a 37.016
|x Učební osnovy. Vyučovací předměty. Učebnice
|2 Konspekt
|9 22
|
| 080 |
|
|
|a 911.53:62
|2 MRF
|
| 080 |
|
|
|a 502.5:502.174
|2 MRF
|
| 080 |
|
|
|a 711.168
|2 MRF
|
| 080 |
|
|
|a 502.174
|2 MRF
|
| 080 |
|
|
|a 332.33
|2 MRF
|
| 080 |
|
|
|a (075.8)
|2 MRF
|
| 100 |
1 |
|
|a Zamarský, Vítězslav,
|d 1938-2022
|7 jo2003189095
|4 aut
|
| 245 |
1 |
0 |
|a Regenerace průmyslových ploch /
|c Vítězslav Zamarský, Jiří Tylčer, Tomislav Střelec
|
| 250 |
|
|
|a 1. vyd.
|
| 260 |
|
|
|a Ostrava :
|b VŠB - Technická univerzita Ostrava,
|c 2009-2011
|
| 300 |
|
|
|a 2 sv. (133, 194 s.) :
|b il. (některé barev.), mapy ;
|c 29 cm
|
| 500 |
|
|
|a Autoři 2. dílu Vítězslav Zamarský ... et al.
|
| 500 |
|
|
|a Nad názvem: Vysoká škola báňská - Technická univerzita Ostrava, FAST
|
| 504 |
|
|
|a Obsahuje bibliografii
|
| 521 |
8 |
|
|a Určeno pro posluchače 3., 4. r. BSP 1., 2. r. MSP
|
| 650 |
0 |
7 |
|a průmyslová krajina
|7 ph115925
|2 czenas
|
| 650 |
0 |
7 |
|a revitalizace krajiny
|7 ph135504
|2 czenas
|
| 650 |
0 |
7 |
|a obnova území
|7 ph381214
|2 czenas
|
| 650 |
0 |
7 |
|a sanační technologie
|7 ph556161
|2 czenas
|
| 650 |
0 |
7 |
|a brownfields
|7 ph311256
|2 czenas
|
| 650 |
0 |
9 |
|a industrial landscape
|2 eczenas
|
| 650 |
0 |
9 |
|a landscape revitalization
|2 eczenas
|
| 650 |
0 |
9 |
|a area redevelopment
|2 eczenas
|
| 650 |
0 |
9 |
|a remediation technologies
|2 eczenas
|
| 650 |
0 |
9 |
|a brownfields
|2 eczenas
|
| 655 |
|
7 |
|a učebnice vysokých škol
|7 fd133772
|2 czenas
|
| 655 |
|
9 |
|a textbooks (higher)
|2 eczenas
|
| 700 |
1 |
|
|a Tylčer, Jiří,
|d 1945-
|7 mzk2010248955
|4 aut
|
| 700 |
1 |
|
|a Střelec, Tomislav,
|d 1962-
|7 mzk2010508346
|4 aut
|
| 710 |
2 |
|
|a Vysoká škola báňská - Technická univerzita Ostrava.
|b Stavební fakulta
|7 kn20010709394
|
| 910 |
2 |
|
|a BOA001
|b 4-1238.556
|s 1-2
|
| 928 |
9 |
|
|a Vysoká škola báňská - Technická univerzita Ostrava
|
| 990 |
|
|
|a BK
|
| 995 |
|
|
|a 01
|
| 991 |
|
|
|b 201003
|c NOV
|e n
|
| 996 |
6 |
|
|b 2610411509
|c 4-1238.556
|d I. díl
|v 1
|l MZK
|r Sklad / do 1 hodiny
|n 13
|p p.v.
|w 001109638
|u 000010
|a 1
|e BOA001
|j MZK50
|s P
|
| 996 |
6 |
|
|b 2610490154
|c 4-1238.556
|d 2. díl
|v 2
|l MZK
|r Sklad / do 1 hodiny
|n 11
|p p.v.
|w 001109638
|u 000020
|a 1
|e BOA001
|j MZK50
|s P
|